| 000 | 00810nam a22001935i 4500 | ||
|---|---|---|---|
| 001 | 178633 | ||
| 003 | ES-MaACL | ||
| 005 | 20230906220557.0 | ||
| 008 | 110609s1970 sp d |||| | spa d | ||
| 080 | _a612.82 | ||
| 100 | 1 |
_aRamón Soler, Roberto. _9147048 |
|
| 245 | 1 | 0 |
_aContribución al estudio anatomo-quirúrgico de la charnela occipito-cervical / _cresumen de la tesis presentada para aspirar al grado de doctor en medicina por Roberto Ramón Soler. |
| 260 |
_aBarcelona : _bUniversidad de Barcelona, Secretariado de Publicaciones, Intercambio Científico y Extensión Universitaria : _bIvern, _c1970. |
||
| 300 |
_a20 p. ; _c24 cm. |
||
| 500 | _aCub. tomada como port. | ||
| 650 | 0 | 4 |
_aCerebro. _910903 |
| 710 | 2 |
_aUniversidad de Barcelona. _97141 |
|
| 852 |
_aES-MaACL _jE-15361 (39) _xOlim P-1374 |
||
| 999 |
_c178633 _d178633 |
||